000 00511cam a22001571 4500
082 _a671.23
_bHOR
_cL-13, P-50
100 1 _aHorner, Joseph Gregory,
_945008
245 0 0 _aPattern-making for engineers;
_ba practical treatise with an appendix of tables for reference.
250 _a8th ed. enl.
260 _aLondon,
_bTechnical Press,
_c1950.
300 _axv, 390 p.
_billus.
_c22 cm.
526 _a0
_b0
_c0
_d671_230000000000000_HOR
650 0 _aMCE
_9379
650 0 _aPatternmaking.
_945009
942 _2ddc
_cBK
999 _c548623
_d548623